Bundesliga Top Goalscorers 2019-20 - Statistics

General Stats
  • This quiz has been taken 54 times
  • The average score is 12 of 20
Answer Stats
Number of Goals Club Player % Correct
34 Bayern Munich Robert Lewandowski
100%
28 Red Bull Leipzig Timo Werner
100%
17 Borussia Dortmund Jadon Sancho
88%
12 Bayern Munich Serge Gnabry
88%
11 Borussia Dortmund Marco Reus
86%
13 Borussia Dortmund Erling Haaland
76%
16 Wolfsburg Wout Weghorst
65%
10 Borussia Monchengladbach Alassane Pléa
63%
12 Hoffenheim Andreij Kramaric
63%
12 Bayer Leverkusen Kai Havertz
63%
10 Borussia Monchengladbach Marcus Thuram
63%
12 Frankfurt André Silva
57%
15 Düsseldorf Rouwen Hennings
47%
13 Augsburg Florian Niederlechner
43%
10 Bayer Leverkusen Kevin Volland
43%
11 Freiburg Nils Petersen
43%
10 Red Bull Leipzig Patrik Schick
43%
13 Köln Jhon Córdoba
41%
12 Union Berlin Sebastian Andersson
33%
13 Mainz Robin Quaison
29%
No matching quizzes found
Score Distribution
Percent of People with Each Score
Percentile by Number Answered
Your Score History
You have not taken this quiz